[Event "Klubbmesterskapet 2008"]
[Site "Hamar"]
[Date "2008.02.28"]
[Round "4"]
[White "Hoel, Ole"]
[Black "Holm, Ragnar"]
[Result "0-1"]
[WhiteElo "1719"]
[BlackElo "2035"]
[PlyCount "82"]
[EventDate "2008.??.??"]

1. Nf3 Nf6 2. c4 c5 3. Nc3 g6 4. g3 Bg7 5. Bg2 O-O 6. d4 d6 7. O-O Nc6 8. d5
Na5 9. Qd3 a6 10. h3 Rb8 11. e4 b5 12. cxb5 axb5 13. Rd1 Nd7 14. Rb1 b4 15. Na4
c4 16. Qc2 Ba6 17. Be3 Bb5 18. Bd4 b3 19. axb3 cxb3 20. Qc3 Ne5 21. Nxe5 dxe5
22. Be3 Bxa4 23. Ra1 Rc8 24. Qd2 Nc4 25. Qe2 Bb5 26. Bg5 h6 27. Bc1 Ra8 28.
Rxa8 Qxa8 29. Qf3 Nd6 30. Bd2 Qa4 31. Rc1 Rc8 32. Bc3 Bd7 33. Kh2 h5 34. Qe3
Nb5 35. Bd2 Rxc1 36. Bxc1 Qc4 37. Bf3 Nd4 38. Bd1 Qf1 39. Qd2 Bxh3 40. f4 Bg4
41. Bxg4 hxg4 0-1

[Event "Klubbmesterskapet 2008"]
[Site "Hamar"]
[Date "2008.02.28"]
[Round "4"]
[White "Saxrud, Ole Henrik"]
[Black "Ormåsen, Odd Steinar"]
[Result "0-1"]
[WhiteElo "890"]
[BlackElo "1791"]
[PlyCount "50"]
[EventDate "2008.??.??"]

1. e4 e6 2. Nf3 d5 3. e5 b6 4. c3 Qd7 5. a4 Ba6 6. Bxa6 Nxa6 7. d4 c5 8. O-O
Ne7 9. a5 Nc6 10. axb6 axb6 11. Qa4 Nc7 12. Qxa8+ Nxa8 13. Rxa8+ Nd8 14. Bg5
Be7 15. dxc5 Qb7 16. Ra4 Bxg5 17. Nxg5 bxc5 18. Nd2 Qxb2 19. Ngf3 O-O 20. Rb1
Qxc3 21. Rb8 Nc6 22. Rxf8+ Kxf8 23. Nf1 Nxe5 24. Ng5 h6 25. Rf4 hxg5 0-1

[Event "Klubbmesterskapet 2008"]
[Site "Hamar"]
[Date "2008.02.28"]
[Round "4"]
[White "Henriksen, Morgan"]
[Black "Bækken, Ole"]
[Result "1/2-1/2"]
[WhiteElo "1366"]
[BlackElo "1345"]
[PlyCount "137"]
[EventDate "2008.??.??"]

1. d4 Nf6 2. c4 c5 3. d5 b5 4. cxb5 a6 5. bxa6 g6 6. Nf3 Bxa6 7. g3 d6 8. Bg2
Bg7 9. Nc3 Nbd7 10. O-O O-O 11. Rb1 Qa5 12. Re1 Rfb8 13. e4 Ng4 14. Bd2 Bc8 15.
a3 Nge5 16. Na2 Nxf3+ 17. Bxf3 Qa7 18. Bc3 Ne5 19. Bg2 Ba6 20. Nc1 Nc4 21. Bxg7
Kxg7 22. Nd3 Bc8 23. Qc1 Qa6 24. Qc3+ Kg8 25. Bf1 Na5 26. Nxc5 Qa7 27. Nd3 Rb3
28. Qc2 Qd4 29. Nb4 Rf3 30. Bg2 Rf6 31. Rbd1 Qb6 32. e5 Bf5 33. Qd2 Nc4 34. Qd4
Qxd4 35. Rxd4 Nxe5 36. f4 Nd7 37. Rxe7 Nc5 38. Nc6 Kf8 39. Ra7 Re8 40. h3 Re2
41. g4 Be4 42. Bxe4 Nxe4 43. Ra8+ Kg7 44. Kf1 Ng3+ 45. Kg1 Rxb2 46. Rb4 Rd2 47.
Re8 Ne2+ 48. Rxe2 Rxe2 49. g5 Rf5 50. Kf1 Ra2 51. Ne7 Rxa3 52. Nxf5+ gxf5 53.
h4 Rh3 54. Rb6 Rxh4 55. Rxd6 Rxf4+ 56. Ke2 Rg4 57. Rc6 Kf8 58. Ke3 Re4+ 59. Kd3
Rg4 60. Rf6 Rxg5 61. d6 Rg6 62. d7 Ke7 63. Rxf7+ Kd8 64. Rxh7 Rd6+ 65. Ke3 Rxd7
66. Rh8+ Ke7 67. Rh5 Rd5 68. Rh6 Kf7 69. Ra6 1/2-1/2

[Event "Klubbmesterskapet 2008"]
[Site "Hamar"]
[Date "2008.02.28"]
[Round "4"]
[White "Pilø, Erlend"]
[Black "Grønning, Åge"]
[Result "1-0"]
[WhiteElo "1045"]
[BlackElo "1090"]
[PlyCount "117"]
[EventDate "2008.??.??"]

1. d4 Nf6 2. c4 e6 3. Nc3 Bb4 4. Bg5 Bxc3+ 5. bxc3 O-O 6. e3 d6 7. Bd3 Nbd7 8.
Nf3 b6 9. O-O Bb7 10. Re1 c6 11. e4 Qc7 12. Rb1 Rfe8 13. Qd2 c5 14. Rbc1 e5 15.
d5 h6 16. Bh4 Nh5 17. Bf1 Bc8 18. Qe3 Nf8 19. Nd2 Ng6 20. Bg3 f5 21. exf5 Bxf5
22. Bd3 Qd7 23. Qf3 Nhf4 24. Bxf5 Qxf5 25. Bxf4 Qxf4 26. Qxf4 Nxf4 27. Re3 Rab8
28. Rb1 a6 29. Ne4 Red8 30. a4 Nh5 31. Ng3 Nf6 32. Nf5 Kh7 33. Rg3 g6 34. Ne7
Rd7 35. Rxg6 Ne4 36. Nc6 Kxg6 37. Nxb8 Rb7 38. Nc6 Nxc3 39. Ra1 b5 40. axb5
axb5 41. cxb5 Rxb5 42. Na5 Nxd5 43. Nc4 Nc3 44. Nxd6 Rb4 45. f3 c4 46. Kf2 Nd5
47. Rc1 Rb2+ 48. Kf1 c3 49. Ne4 Ne3+ 50. Kg1 c2 51. Kf2 Rb1 52. Kxe3 Rxc1 53.
Kd2 Rg1 54. Kxc2 Rxg2+ 55. Kd3 Rxh2 56. Ke3 h5 57. Nf2 Kf5 58. Ne4 Rh1 59. Ng3+
1-0

[Event "Klubbmesterskapet 2008"]
[Site "Hamar"]
[Date "2008.01.10"]
[Round "4"]
[White "Feragen, Erik"]
[Black "Holm, Kristian Stuvik"]
[Result "0-1"]
[WhiteElo "1485"]
[BlackElo "1315"]
[PlyCount "83"]
[EventDate "2008.??.??"]

1. e4 c5 2. Nf3 e6 3. g3 a6 4. Bg2 Nc6 5. O-O b5 6. d3 Bb7 7. Bf4 d6 8. Nbd2
Be7 9. Re1 Rc8 10. Nf1 Nd4 11. c3 Nxf3+ 12. Bxf3 Nf6 13. d4 cxd4 14. cxd4 d5
15. e5 Nd7 16. Rc1 Nb6 17. Nd2 O-O 18. h4 Qd7 19. Kg2 Rxc1 20. Qxc1 Rc8 21. Qb1
Nc4 22. Rh1 Qc7 23. Bd1 Qb6 24. Nf3 f5 25. h5 a5 26. Bc2 Rc7 27. Bd3 b4 28. Rc1
Ba6 29. Kh3 Bd8 30. g4 g6 31. gxf5 exf5 32. Rg1 Kf8 33. hxg6 hxg6 34. Rg3 Qe6
35. Kg2 Rh7 36. Ng5 Bxg5 37. Bxg5 Bb7 38. Rf3 Nxe5 39. Rxf5+ gxf5 40. Bxf5 Qg8
41. f4 Rh5 42. Bg4 0-1

[Event "Klubbmesterskapet 2008"]
[Site "Hamar"]
[Date "2008.05.15"]
[Round "5"]
[White "Kristiansen, Ole J"]
[Black "Nilsen, Thomas"]
[Result "1-0"]
[WhiteElo "1807"]
[BlackElo "1598"]
[PlyCount "89"]
[EventDate "2008.??.??"]

1. e4 c6 2. d4 d5 3. Nc3 dxe4 4. Nxe4 Bf5 5. Ng3 Bg6 6. h4 h6 7. Nh3 e6 8. Nf4
Bh7 9. Be3 Nf6 10. Bd3 Bxd3 11. Qxd3 Nbd7 12. O-O-O Qc7 13. Rhe1 O-O-O 14. Kb1
Bd6 15. Nge2 Kb8 16. f3 Nb6 17. Qb3 Nfd5 18. Nxd5 exd5 19. Qd3 Nc4 20. Bc1 Ka8
21. b3 Nb6 22. Qf5 Qd7 23. Qxd7 Rxd7 24. Nf4 g6 25. h5 g5 26. Nd3 f6 27. Re6
Rf8 28. Rde1 Kb8 29. R1e2 Rff7 30. Nf2 Rfe7 31. Ng4 Rxe6 32. Rxe6 Kc7 33. Nxf6
Re7 34. Ne8+ Kd7 35. Rxd6+ Kxe8 36. Rxh6 Rg7 37. Rg6 Rxg6 38. hxg6 Kf8 39. Bxg5
Kg7 40. Bd8 Nd7 41. Kc1 Kxg6 42. Kd2 Nf8 43. Kc3 Ne6 44. Bh4 a6 45. g4 1-0

[Event "Klubbmesterskapet 2008"]
[Site "Hamar"]
[Date "2008.03.06"]
[Round "5"]
[White "Brobakken, Sindre"]
[Black "Saxrud, Ole Henrik"]
[Result "0-1"]
[WhiteElo "783"]
[BlackElo "890"]
[PlyCount "46"]
[EventDate "2008.??.??"]

1. Nf3 e6 2. g3 Nf6 3. Bg2 Nc6 4. O-O d5 5. d3 d4 6. Nbd2 Bc5 7. Nb3 Bb4 8. Bd2
Bxd2 9. Qxd2 O-O 10. Qf4 Nd5 11. Qd2 Qf6 12. c4 Ndb4 13. a3 Na6 14. Rfe1 e5 15.
e3 Bg4 16. exd4 Bxf3 17. Bxf3 Qxf3 18. dxe5 Rae8 19. d4 Qxb3 20. Re3 Qxc4 21.
d5 Nxe5 22. Rc1 Qg4 23. Qe1 Nf3+ 0-1

[Event "Klubbmesterskapet 2008"]
[Site "Hamar"]
[Date "2008.03.06"]
[Round "5"]
[White "Storli, Frode"]
[Black "Henriksen, Morgan"]
[Result "1-0"]
[WhiteElo "1424"]
[BlackElo "1366"]
[PlyCount "67"]
[EventDate "2008.??.??"]

1. d4 d5 2. c4 Nf6 3. e3 c6 4. Nf3 a6 5. Bd3 dxc4 6. Bxc4 b5 7. Bb3 e6 8. O-O
Bb7 9. Nbd2 Nbd7 10. Bc2 c5 11. dxc5 Bxc5 12. b3 O-O 13. Bb2 Rc8 14. Rc1 Qe7
15. Nd4 e5 16. Nf5 Qe6 17. Ng3 Rfd8 18. Qe2 Qc6 19. Nf3 Qe6 20. Rfd1 Ba7 21.
Bf5 Qe7 22. Rxc8 Rxc8 23. Bxd7 Nxd7 24. Nf5 Qe6 25. Nd6 Rc7 26. Nxb7 Rxb7 27.
Nxe5 f6 28. Qf3 Rc7 29. Ng4 Nc5 30. Nxf6+ gxf6 31. Rd8+ Kg7 32. Qg3+ Kh6 33.
Qh4+ Kg7 34. Qg5+ 1-0

[Event "Klubbmesterskapet 2008"]
[Site "Hamar"]
[Date "2008.03.06"]
[Round "5"]
[White "Ormåsen, Odd Steinar"]
[Black "Wasshaug, Espen"]
[Result "1-0"]
[WhiteElo "1791"]
[BlackElo "1363"]
[PlyCount "74"]
[EventDate "2008.??.??"]

1. e4 Nf6 2. e5 Nd5 3. d4 d6 4. exd6 exd6 5. c4 Nb6 6. Nc3 Be7 7. Nf3 Bg4 8.
Be2 Nc6 9. d5 Bxf3 10. Bxf3 Ne5 11. Be2 O-O 12. b3 Nbd7 13. O-O Bf6 14. Bb2 a5
15. Kh1 Nc5 16. Qc2 Re8 17. a3 Ng6 18. Rae1 Be5 19. b4 axb4 20. axb4 Nd7 21.
Bd3 Nb6 22. Nb5 c6 23. dxc6 bxc6 24. Bxe5 cxb5 25. Bxd6 Rxe1 26. Rxe1 Nxc4 27.
Bc5 Qd5 28. Be4 Qe5 29. Bd4 Qe6 30. g3 Re8 31. Re2 Nd6 32. Bf3 Qd7 33. Rxe8+
Qxe8 34. Bc5 Nb7 35. Bxb7 h6 36. Bd5 Qd8 37. Qe4 Nf8 {Tid} 1-0

[Event "Klubbmesterskapet 2008"]
[Site "Hamar"]
[Date "2008.03.06"]
[Round "5"]
[White "Brobakken, Geir"]
[Black "Solbakken, Jan Børge"]
[Result "0-1"]
[WhiteElo "1660"]
[BlackElo "1603"]
[PlyCount "30"]
[EventDate "2008.??.??"]

1. e4 c5 2. Nc3 Nc6 3. g3 Nf6 4. Bg2 d6 5. d3 g6 6. Nge2 Bg7 7. O-O O-O 8. h3
Bd7 9. Be3 Qc8 10. Kh2 Ne5 11. Qd2 Bxh3 12. f3 Bd7 13. Rh1 a6 14. Nf4 e6 15.
Qf2 Neg4+ 0-1

[Event "Klubbmesterskapet 2008"]
[Site "Hamar"]
[Date "2008.03.06"]
[Round "5"]
[White "Kristiansen, Reidar"]
[Black "Sangen, Kjetil"]
[Result "0-1"]
[WhiteElo "1202"]
[BlackElo "1441"]
[PlyCount "118"]
[EventDate "2008.??.??"]

1. Nf3 Nf6 2. Nc3 e6 3. e4 d6 4. d4 Be7 5. Bd3 O-O 6. O-O c5 7. dxc5 dxc5 8. h3
b6 9. e5 Nd5 10. Nxd5 exd5 11. c4 Bb7 12. Qc2 h6 13. cxd5 Qxd5 14. Re1 Qc6 15.
Be4 Qc7 16. Bxb7 Qxb7 17. Bf4 Nc6 18. Rad1 Nd8 19. Qf5 Ne6 20. Re2 Rad8 21.
Red2 Rxd2 22. Rxd2 Qc7 23. Be3 Rd8 24. Qg4 Rxd2 25. Bxd2 Kh8 26. Bc3 Qd8 27.
Qa4 a5 28. Qc6 c4 29. Qxc4 Qd1+ 30. Kh2 Bc5 31. Qb5 g5 32. Kg3 Qc2 33. Qf1 Kg8
34. Qe1 h5 35. Qd2 Qf5 36. Kh2 Kh7 37. Qe2 g4 38. Nh4 Qxf2 39. Qxf2 Bxf2 40.
Nf5 Kg6 41. Nd6 g3+ 42. Kh1 Nc5 43. Nc4 Ne4 44. Nd6 Nxc3 45. bxc3 h4 46. c4 a4
47. Ne4 Kf5 48. Nd2 Kxe5 49. Nf3+ Ke4 50. Nxh4 Kd3 51. Nf5 Kxc4 52. h4 Kb4 53.
h5 Be1 54. h6 Ka3 55. h7 Bc3 56. Nxg3 Kxa2 57. Ne4 Be5 58. Nd2 b5 59. Kg1 Kb2
0-1

[Event "Klubbmesterskapet 2008"]
[Site "Hamar"]
[Date "2008.03.06"]
[Round "5"]
[White "Bækken, Ole"]
[Black "Kaveldiget, Frode"]
[Result "1-0"]
[WhiteElo "1345"]
[BlackElo "1509"]
[PlyCount "113"]
[EventDate "2008.??.??"]

1. c4 f5 2. d4 e6 3. Nf3 Nf6 4. g3 Be7 5. Bg2 d6 6. Nc3 O-O 7. O-O c6 8. Qc2 d5
9. b3 Ne4 10. Bb2 Nd7 11. Ne5 Nxe5 12. dxe5 Ng5 13. e3 Bd7 14. Ne2 Qe8 15. Nf4
Ne4 16. f3 Ng5 17. h4 Nf7 18. Nh3 Nh6 19. Qf2 Rd8 20. cxd5 cxd5 21. Bd4 a6 22.
Rac1 Bc6 23. Nf4 Qf7 24. Nh3 Kh8 25. Kh2 Rc8 26. Qd2 Rfe8 27. a4 Qh5 28. Nf4
Qf7 29. Nh3 Rg8 30. Bc5 Bd8 31. Qd4 g5 32. e4 gxh4 33. gxh4 Bxh4 34. Kh1 Bg3
35. Qd2 f4 36. Bf2 Qh5 37. exd5 Bxd5 38. Rxc8 Rxc8 39. Qd3 Nf7 40. Bxg3 fxg3
41. Qe3 Qxe5 42. Qxe5+ Nxe5 43. f4 Ng4 44. Bxd5 exd5 45. Rf3 d4 46. Rxg3 Rc3
47. Rxg4 Rxh3+ 48. Kg2 Rxb3 49. f5 d3 50. f6 Rb2+ 51. Kg3 h5 52. f7 hxg4 53.
f8=Q+ Kh7 54. Qf5+ Kh6 55. Qxd3 Kg5 56. Qd5+ Kg6 57. Qg8+ 1-0

[Event "Klubbmesterskapet 2008"]
[Site "Hamar"]
[Date "2008.03.27"]
[Round "6"]
[White "Holm, Ragnar"]
[Black "Bækken, Ole"]
[Result "1-0"]
[WhiteElo "2035"]
[BlackElo "1345"]
[PlyCount "45"]
[EventDate "2008.??.??"]

1. c4 Nf6 2. Nc3 g6 3. Nf3 Bg7 4. g3 b6 5. Bg2 Bb7 6. O-O c5 7. Re1 O-O 8. e4
d6 9. d4 cxd4 10. Nxd4 Nfd7 11. Be3 Ne5 12. b3 Qd7 13. h3 Rd8 14. Rc1 Na6 15.
f4 Nc6 16. Qd2 Nxd4 17. Bxd4 Rac8 18. Nd5 Nc7 19. f5 Nxd5 20. exd5 Bxd4+ 21.
Qxd4 Qxf5 22. Rxe7 Ba8 23. Rf1 1-0

[Event "Klubbmesterskapet 2008"]
[Site "Hamar"]
[Date "2008.03.27"]
[Round "6"]
[White "Solbakken, Jan Børge"]
[Black "Hoel, Ole"]
[Result "0-1"]
[WhiteElo "1603"]
[BlackElo "1719"]
[PlyCount "60"]
[EventDate "2008.??.??"]

1. Nf3 c5 2. e4 d6 3. Bc4 Nf6 4. Qe2 Nc6 5. d3 g6 6. Nc3 Bg7 7. h3 O-O 8. Be3
Na5 9. Bb3 a6 10. e5 Nd7 11. e6 Nb6 12. exf7+ Kh8 13. Ng5 Nxb3 14. axb3 Qc7 15.
h4 h5 16. Bd2 d5 17. g3 Bg4 18. Bf4 e5 19. Nxd5 Nxd5 20. Qe4 Nxf4 21. gxf4 Bf5
22. Qf3 exf4 23. O-O-O a5 24. Rde1 a4 25. Rhg1 a3 26. bxa3 Rxa3 27. Kd2 Bc3+
28. Kxc3 Qa5+ 29. Kb2 Ra2+ 30. Kb1 Qc3 0-1

[Event "Klubbmesterskapet 2008"]
[Site "Hamar"]
[Date "2008.03.27"]
[Round "6"]
[White "Nilsen, Thomas"]
[Black "Brobakken, Geir"]
[Result "0-1"]
[WhiteElo "1598"]
[BlackElo "1660"]
[PlyCount "126"]
[EventDate "2008.??.??"]

1. d4 e6 2. c4 d5 3. Nf3 Nf6 4. Nc3 c6 5. Bg5 Be7 6. e3 O-O 7. Bd3 Nbd7 8. O-O
dxc4 9. Bxc4 b5 10. Bd3 a6 11. Rc1 Bb7 12. Bb1 c5 13. dxc5 b4 14. Na4 Bc6 15.
Nb6 Nxb6 16. cxb6 Bb5 17. b7 Rb8 18. Qc2 g6 19. Rfd1 Qb6 20. Nd4 Qxb7 21. Nc6
Bxc6 22. Qxc6 Qxc6 23. Rxc6 Rfd8 24. Rxd8+ Rxd8 25. Bc2 Kg7 26. Kf1 Rd5 27. Bf4
Ra5 28. Bb3 Ne4 29. Ke2 g5 30. Bc7 Rc5 31. Rxc5 Nxc5 32. Bc4 Na4 33. Be5+ f6
34. Bc7 Nxb2 35. Bb3 e5 36. Kd2 e4 37. f3 Nd3 38. Bc4 Nc5 39. Bb6 Nd7 40. Bd4
exf3 41. gxf3 Bd6 42. h3 a5 43. Be2 Bc7 44. Kd3 Nf8 45. Kc4 Ng6 46. Kb5 Ne7 47.
e4 Bd6 48. Bc5 Bxc5 49. Kxc5 Kf7 50. Bc4+ Ke8 51. Kb5 Kd8 52. Bb3 Kc7 53. Kxa5
Nc6+ 54. Ka4 Kb6 55. Bd1 Kc5 56. a3 bxa3 57. Kxa3 Kd4 58. Kb3 Ne5 59. Kc2 Nd3
60. Be2 Nf4 61. Kd2 Nxh3 62. Bd1 Nf4 63. Ba4 h5 0-1

[Event "Klubbmesterskapet 2008"]
[Site "Hamar"]
[Date "2008.04.24"]
[Round "6"]
[White "Kaveldiget, Frode"]
[Black "Rødvik, Trym Daniel"]
[Result "1/2-1/2"]
[WhiteElo "1509"]
[BlackElo "624"]
[PlyCount "104"]
[EventDate "2008.??.??"]

1. e4 e5 2. f4 exf4 3. Nf3 g5 4. Bc4 d6 5. O-O g4 6. d4 gxf3 7. Qxf3 Nf6 8.
Bxf4 Nc6 9. Bg5 Be7 10. Bxf6 Bxf6 11. Qxf6 Qxf6 12. Rxf6 Nxd4 13. Nc3 O-O 14.
Bd3 Kg7 15. Raf1 Be6 16. Nd5 c6 17. Nc7 Rac8 18. Nxe6+ fxe6 19. Rxf8 Rxf8 20.
Rxf8 Kxf8 21. c3 Nb5 22. Bxb5 cxb5 23. Kf2 Kf7 24. Kf3 Kf6 25. g4 Kg5 26. Kg3
d5 27. exd5 exd5 28. h4+ Kg6 29. Kf4 Kf6 30. g5+ Ke6 31. h5 b4 32. cxb4 d4 33.
Ke4 d3 34. Kxd3 Kf5 35. g6 hxg6 36. hxg6 Kxg6 37. Kc4 Kf6 38. a4 Ke6 39. Kc5
Kd7 40. a5 Kc7 41. Kb5 Kc8 42. b3 Kc7 43. Ka4 Kc6 44. b5+ Kc7 45. Kb4 Kc8 46.
Kc5 Kc7 47. b4 Kc8 48. Kd6 Kb8 49. Kd7 b6 50. Kc6 bxa5 51. bxa5 a6 52. b6 Ka8
1/2-1/2

[Event "Klubbmesterskapet 2008"]
[Site "Hamar"]
[Date "2008.03.27"]
[Round "6"]
[White "Storli, Frode"]
[Black "Ormåsen, Odd Steinar"]
[Result "0-1"]
[WhiteElo "1424"]
[BlackElo "1791"]
[PlyCount "96"]
[EventDate "2008.??.??"]

1. d4 d5 2. c4 c6 3. e3 Nf6 4. Nc3 e6 5. Nf3 a6 6. a3 b5 7. cxd5 cxd5 8. Bd3
Nbd7 9. O-O Bd6 10. Qe2 O-O 11. Bd2 Bb7 12. Rac1 Qb6 13. Rfe1 Ne4 14. h4 f5 15.
Bc2 Rae8 16. Bb3 Bb8 17. Nxe4 fxe4 18. Ng5 a5 19. g3 Ba6 20. Qg4 Nf6 21. Qh3
Bc8 22. Qg2 Ng4 23. h5 Rxf2 24. Qh3 Rxd2 25. Qxg4 Qd6 26. Qf4 Qxf4 27. gxf4
Rxb2 28. Rb1 Rxb1 29. Rxb1 h6 30. Nh3 Bd6 31. a4 b4 32. Rc1 Bd7 33. Kf2 Rc8 34.
Rxc8+ Bxc8 35. Ng1 Ba6 36. Ne2 Bc4 37. Nc1 Kf7 38. Kg3 g5 39. hxg6+ Kxg6 40.
Bd1 h5 41. Kh4 Be7+ 42. Kh3 Kf5 43. Bb3 h4 44. Bd1 Bf1+ 45. Kh2 Bd6 46. Nb3 Bc7
47. Nc1 Bxf4+ 48. exf4 Kxf4 0-1

[Event "Klubbmesterskapet 2008"]
[Site "Hamar"]
[Date "2008.03.27"]
[Round "6"]
[White "Henriksen, Morgan"]
[Black "Kristiansen, Ole J"]
[Result "0-1"]
[WhiteElo "1366"]
[BlackElo "1807"]
[PlyCount "28"]
[EventDate "2008.??.??"]

1. d4 Nf6 2. c4 c5 3. d5 b5 4. cxb5 a6 5. Nc3 axb5 6. Nxb5 Qa5+ 7. Nc3 g6 8.
Bd2 Bg7 9. Qc2 d6 10. Nf3 O-O 11. g3 Na6 12. a3 Qb6 13. Bg2 Nb4 14. Qb3 Nd3+
0-1

[Event "Klubbmesterskapet 2008"]
[Site "Hamar"]
[Date "2008.03.27"]
[Round "6"]
[White "Wasshaug, Espen"]
[Black "Saxrud, Ole Henrik"]
[Result "1-0"]
[WhiteElo "1363"]
[BlackElo "890"]
[PlyCount "75"]
[EventDate "2008.??.??"]

1. e4 e5 2. Nf3 Nc6 3. Bb5 d5 4. Nxe5 Nge7 5. Qf3 f5 6. exd5 Qxd5 7. Qxd5 Nxd5
8. Nxc6 Bd7 9. Nd4 Bxb5 10. Nxb5 a6 11. N1c3 O-O-O 12. Nxd5 Rxd5 13. Nc3 Re5+
14. Kd1 Bd6 15. Re1 Rxe1+ 16. Kxe1 Re8+ 17. Kf1 Bxh2 18. g3 f4 19. Kg2 f3+ 20.
Kxf3 Rf8+ 21. Kg2 Bxg3 22. fxg3 Re8 23. b4 Re1 24. Bb2 Rxa1 25. Bxa1 b5 26. a4
c6 27. a5 g6 28. Ne4 Kd7 29. Nc5+ Kc8 30. Be5 Kd8 31. Nxa6 Kd7 32. Nc5+ Ke7 33.
a6 h5 34. a7 h4 35. a8=Q hxg3 36. Qb7+ Ke8 37. Bd6 Kd8 38. Qb8# 1-0

[Event "Klubbmesterskapet 2008"]
[Site "Hamar"]
[Date "2008.03.27"]
[Round "6"]
[White "Kristiansen, Reidar"]
[Black "Brobakken, Sindre"]
[Result "1-0"]
[WhiteElo "1202"]
[BlackElo "783"]
[PlyCount "65"]
[EventDate "2008.??.??"]

1. e4 d5 2. exd5 Qxd5 3. Nc3 Qa5 4. Nf3 Nf6 5. Bc4 Bg4 6. O-O e6 7. d4 c6 8.
Bd2 Qc7 9. h3 Bh5 10. Be2 Bg6 11. Ne5 Nbd7 12. Bf4 Nxe5 13. Bxe5 Qd8 14. Bf3
Bd6 15. Bxd6 Qxd6 16. Re1 O-O-O 17. Ne2 Nd5 18. c3 h5 19. Ng3 h4 20. Ne4 Bxe4
21. Bxe4 f5 22. Bf3 g5 23. Re5 Ne7 24. Qb3 Rh6 25. Rae1 Nd5 26. c4 Nf4 27. Rd1
Rg8 28. c5 Qd7 29. Rxf5 Rgg6 30. Rf8+ Kc7 31. Qe3 Qe7 32. Qe5+ Kd7 33. Qb8 1-0

[Event "Klubbmesterskapet 2008"]
[Site "Hamar"]
[Date "2008.04.03"]
[Round "7"]
[White "Kristiansen, Ole J"]
[Black "Solbakken, Jan Børge"]
[Result "0-1"]
[WhiteElo "1807"]
[BlackElo "1603"]
[PlyCount "90"]
[EventDate "2008.??.??"]

1. c4 Nf6 2. Nc3 e6 3. e4 Nc6 4. d4 d6 5. Nf3 Be7 6. Be2 O-O 7. O-O a6 8. h3 b6
9. Be3 Re8 10. Rc1 e5 11. d5 Na7 12. Qc2 Nd7 13. Rfd1 Nf8 14. b4 c5 15. dxc6
Nxc6 16. b5 axb5 17. cxb5 Nd4 18. Bxd4 exd4 19. Nxd4 Bg5 20. Rb1 Ne6 21. Nf5
Bf4 22. Nd5 Be5 23. g3 g6 24. Nh6+ Kg7 25. Ng4 Nd4 26. Qd2 Nxe2+ 27. Qxe2 Bxg4
28. hxg4 Ra3 29. Rd3 Ra4 30. Rb4 Rxb4 31. Nxb4 Qa8 32. Nd5 Qa5 33. f4 Ba1 34.
Rd1 Bc3 35. Qd3 Bb2 36. Qb3 Qa3 37. Nxb6 Qc5+ 38. Kg2 Qxb6 39. Qxb2+ Kg8 40.
Qb4 Qe3 41. Re1 Qd3 42. a4 Rc8 43. Rf1 Rc3 44. Rf2 Qxg3+ 45. Kf1 Rc1+ 0-1

[Event "Klubbmesterskapet 2008"]
[Site "Hamar"]
[Date "2008.04.03"]
[Round "7"]
[White "Sangen, Kjetil"]
[Black "Storli, Frode"]
[Result "1/2-1/2"]
[WhiteElo "1441"]
[BlackElo "1424"]
[PlyCount "88"]
[EventDate "2008.??.??"]

1. d4 Nf6 2. c4 b6 3. Nc3 e6 4. Bg5 Be7 5. Nf3 Bb7 6. e3 O-O 7. Bd3 h6 8. Bxf6
Bxf6 9. Ne4 Be7 10. Qc2 f5 11. Ned2 Nc6 12. a3 Bf6 13. O-O Ne7 14. e4 fxe4 15.
Nxe4 Nf5 16. Nxf6+ Qxf6 17. Be4 c6 18. Rad1 d5 19. Bxf5 Qxf5 20. Qxf5 Rxf5 21.
c5 bxc5 22. dxc5 e5 23. Rfe1 e4 24. Nd4 Rf6 25. Re3 Raf8 26. Rd2 R8f7 27. h3
Kh7 28. b4 a6 29. a4 Rc7 30. Rc3 Rff7 31. b5 Rfd7 32. bxa6 Bxa6 33. Rb3 Bc4 34.
Rb6 Ra7 35. Rxc6 Rxa4 36. Rb6 Ra6 37. Rdb2 Ra1+ 38. Kh2 Ba6 39. c6 Re7 40. Rc2
Bc4 41. Rcb2 Ba6 42. Rb7 Re8 43. Ra7 Ra4 44. Nf5 Kg6 1/2-1/2

[Event "Klubbmesterskapet 2008"]
[Site "Hamar"]
[Date "2008.01.10"]
[Round "7"]
[White "Wasshaug, Espen"]
[Black "Kaveldiget, Frode"]
[Result "1/2-1/2"]
[WhiteElo "1363"]
[BlackElo "1509"]

1. c4 f5 2. d4 Nf6 3. Nc3 e6 4. Bg5 Be7 5. Nf3 d6 6. h3 Ne4 7. Bxe7 Qxe7 8.
Nxe4 fxe4 9. Nd2 d5 10. e3 O-O 11. h4 Qf6 12. f4 Nd7 13. g4 c6 14. Qe2 c5 15.
g5 Qe7 16. Nb3 cxd4 17. Nxd4 e5 18. Nc2 exf4 19. exf4 d4 20. Nxd4 Qb4+ 21. Qd2
Qxd2+ 22. Kxd2 Nc5 23. Ke3 Re8 24. b4 Ne6 25. Bh3 Nxd4 26. Kxd4 Bxh3 27. Rxh3
Rad8+ 28. Kc3 e3 29. Re1 e2 30. Rd3 Rc8 31. a4 Re4 32. Rd4 Rce8 33. c5 Re3+ 34.
Rd3 R3e4 35. Rf3 Rd8 36. Rf2 Rde8 37. h5 Re3+ 38. Kc4 a6 39. b5 R8e4+ 40. Kd5
Re8 41. c6 bxc6+ 42. bxc6 Rd8+ 43. Kc5 Rc3+ 44. Kb6 Rd6 45. Kc7 Rcxc6+ 46. Kb7
Rb6+ 47. Ka7 a5 48. Rfxe2 Ra6+ 1/2-1/2

[Event "Klubbmesterskapet 2008"]
[Site "Hamar"]
[Date "2008.04.03"]
[Round "7"]
[White "Brobakken, Geir"]
[Black "Holm, Ragnar"]
[Result "0-1"]
[WhiteElo "1660"]
[BlackElo "2035"]
[PlyCount "128"]
[EventDate "2008.??.??"]

1. e4 g6 2. d4 Bg7 3. Be3 d6 4. Nc3 a6 5. f3 b5 6. Qd2 Nd7 7. Nge2 Bb7 8. g3 c5
9. Bg2 cxd4 10. Bxd4 Ngf6 11. O-O Nb6 12. Rad1 O-O 13. Nb1 e5 14. Bf2 d5 15.
Qa5 Nc4 16. Qxd8 Rfxd8 17. b3 Nb2 18. Rd2 dxe4 19. Rxd8+ Rxd8 20. f4 Ng4 21.
Bb6 Rc8 22. c3 Nd3 23. h3 exf4 24. gxf4 Nh6 25. Rd1 Ba8 26. Nd4 Nxf4 27. Bf1 e3
28. Ne2 Nxe2+ 29. Bxe2 Be4 30. c4 b4 31. Bxe3 Nf5 32. Bf4 Bd4+ 33. Kh2 Re8 34.
Bg4 Be5 35. Bxe5 Rxe5 36. Rd8+ Kg7 37. Nd2 Bc2 38. Bf3 Nh4 39. Kg3 Nxf3 40.
Kxf3 Bd1+ 41. Kf2 Ra5 42. Ke1 Bc2 43. Rb8 Rxa2 44. Rxb4 Ra1+ 45. Ke2 Rh1 46. c5
Rxh3 47. c6 Bf5 48. Nc4 Kf6 49. c7 Ke7 50. Rb8 h5 51. c8=Q Bxc8 52. Rxc8 Rxb3
53. Rc6 Rb4 54. Kd3 Ra4 55. Kd4 Ra1 56. Ne5 h4 57. Rc3 Ra4+ 58. Ke3 Ke6 59. Nf3
f6 60. Rc6+ Kf7 61. Rc7+ Kg8 62. Nh2 g5 63. Kf3 a5 64. Ng4 Rf4+ 0-1

[Event "Klubbmesterskapet 2008"]
[Site "Hamar"]
[Date "2008.04.03"]
[Round "7"]
[White "Bækken, Ole"]
[Black "Feragen, Erik"]
[Result "0-1"]
[WhiteElo "1345"]
[BlackElo "1485"]
[PlyCount "25"]
[EventDate "2008.??.??"]

1. e4 c5 2. Nf3 Nc6 3. d4 cxd4 4. Nxd4 Nf6 5. Nc3 e5 6. Ndb5 d6 7. Bg5 a6 8.
Na3 b5 9. Nd5 Be7 10. c3 Nxe4 11. Be3 O-O 12. Nxe7+ Nxe7 13. Qd5 0-1

[Event "Klubbmesterskapet 2008"]
[Site "Hamar"]
[Date "2008.04.03"]
[Round "7"]
[White "Saxrud, Ole Henrik"]
[Black "Kristiansen, Reidar"]
[Result "1/2-1/2"]
[WhiteElo "890"]
[BlackElo "1202"]
[PlyCount "105"]
[EventDate "2008.??.??"]

1. d4 Nf6 2. Bg5 d6 3. c3 Nbd7 4. h4 h6 5. Bxf6 Nxf6 6. Nf3 Bf5 7. d5 c6 8. Nd4
Bxb1 9. dxc6 Be4 10. cxb7 Bxb7 11. Qa4+ Qd7 12. Qxd7+ Nxd7 13. e3 a6 14. b4 e5
15. Nf3 Be7 16. O-O-O Rc8 17. Kb2 O-O 18. Ne1 Nb6 19. f3 Na4+ 20. Kb3 Nxc3 21.
Rc1 Nd5 22. Rxc8 Rxc8 23. Bd3 Nxe3 24. Kb2 d5 25. Rh3 Bxb4 26. Be4 dxe4 27.
fxe4 Nd1+ 28. Kb3 Bxe1 29. Rd3 Rc3+ 30. Rxc3 Nxc3 31. h5 Nxe4 32. a4 Bd5+ 33.
Kc2 Nc5 34. a5 e4 35. Kd1 Bf2 36. g4 e3 37. Ke2 Be6 38. g5 Bg4+ 39. Kf1 Nd3 40.
g6 e2+ 41. Kg2 e1=N+ 42. Kh2 Nf3+ 43. Kh1 Nh4 44. gxf7+ Kf8 45. Kh2 Nf4 46. Kh1
Bf3+ 47. Kh2 Ne2 48. Kh3 Ng1+ 49. Kh2 Bg4 50. Kh1 Bh3 51. Kh2 Bg4 52. Kh1 Bf3+
53. Kh2 1/2-1/2

[Event "Klubbmesterskapet 2008"]
[Site "Hamar"]
[Date "2008.05.15"]
[Round "7"]
[White "Holm, Kristian Stuvik"]
[Black "Henriksen, Morgan"]
[Result "0-1"]
[WhiteElo "1315"]
[BlackElo "1366"]
[PlyCount "80"]
[EventDate "2008.??.??"]

1. c4 Nf6 2. Nc3 c5 3. Nf3 e6 4. g3 b6 5. Bg2 Bb7 6. O-O Be7 7. Re1 d6 8. a3
Nbd7 9. Rb1 O-O 10. e4 a6 11. d3 Ne8 12. b4 Rc8 13. Bb2 Qc7 14. Nd2 Qb8 15. f4
Nc7 16. h3 Qa8 17. Bf3 Rfd8 18. g4 cxb4 19. axb4 Bf8 20. Ba1 Nb8 21. Na4 Nd7
22. Qb3 b5 23. Nc3 Nf6 24. g5 Nfe8 25. Bg4 bxc4 26. Nxc4 Qa7+ 27. Kg2 d5 28.
Ne5 dxe4 29. Nxe4 Nd6 30. Kg3 Bd5 31. Qb2 Nxe4+ 32. dxe4 Ba8 33. h4 Nb5 34. Qa2
Nc3 35. Qb3 Rd2 36. Bh3 Qf2+ 37. Kg4 Nxb1 38. Qxb1 Bb7 39. h5 Bd6 40. Nd3 Qh2
0-1